NBA Players at the 2020 Summer Olympics - Statistics

General Stats
  • This quiz has been taken 20 times
  • The average score is 10 of 48
Answer Stats
Player % Correct
Kevin Durant
89%
Draymond Green
67%
Bam Adebayo
61%
Luka Doncic
61%
Damian Lillard
56%
Devin Booker
56%
Jayson Tatum
50%
Jrue Holiday
50%
Rudy Gobert
50%
Khris Middleton
44%
Marc Gasol
44%
Evan Fournier
39%
Zach LaVine
33%
Josh Green
28%
Patty Mills
28%
Rui Hachimura
28%
JaVale McGee
22%
Joe Ingles
22%
Matisse Thybulle
22%
Jerami Grant
17%
Keldon Johnson
17%
Nicolas Batum
17%
Ricky Rubio
17%
Danilo Gallinari
11%
Dante Exum
11%
Matthew Dellavedova
11%
Moritz Wagner
11%
Willy Hernangomez
11%
Yuta Watanabe
11%
Aron Baynes
6%
Facundo Campazzo
6%
Isaac Bonga
6%
Jordan Nwora
6%
Nicolo Melli
6%
Nico Mannion
6%
Precious Achiuwa
6%
Timothe Luwawu-Cabarrot
6%
Tomas Satoransky
6%
Chimezie Metu
0%
Frank Ntilikina
0%
Gabe Vincent
0%
Gabriel Deck
0%
Jahlil Okafor
0%
Josh Okogie
0%
KZ Okpala
0%
Luca Vildoza
0%
Miye Oni
0%
Vlatko Cancar
0%
No matching quizzes found
Score Distribution
Percent of People with Each Score
Percentile by Number Answered
Your Score History
You have not taken this quiz